[Event "ECU-chT U20 Girls"]
[Site "Carpuela"]
[Date "2014.05.06"]
[Round "7.3"]
[White "Escobar Chalen, Ariana Estefania"]
[Black "Lema Caiza, Leslie Adriana"]
[Result "1-0"]
[WhiteElo "1408"]
[BlackElo "1496"]
[PlyCount "89"]
[EventDate "2014.05.03"]
[EventType "team-swiss"]
[EventRounds "7"]
[EventCountry "ECU"]
[SourceTitle "CBM 160 Extra"]
[Source "ChessBase"]
[SourceDate "2014.07.01"]
[SourceVersion "1"]
[SourceVersionDate "2014.07.01"]
[SourceQuality "1"]
[WhiteTeam "Pichincha (W)"]
[BlackTeam "Chimborazo (W)"]
[WhiteTeamCountry "ECU"]
[BlackTeamCountry "ECU"]

1. e4 c5 2. Nc3 a6 3. f4 e6 4. g3 b5 5. Bg2 Bb7 6. d3 b4 7. Nce2 d5 8. e5 Ne7 9. Nf3 Nf5 10. g4 Nh4 11. 0-0 Nxg2 12. Kxg2 h5 13. h3 d4 14. Ng3 g6 15. Ne4 Be7 16. Kg3 hxg4 17. hxg4 Bh4+ 18. Kg2 Be7 19. Qe2 Nd7 20. Bd2 Bd5 21. Nfg5 Qc7 22. Qf3 Bxe4 23. Nxe4 Kf8 24. Nxc5 Nb6 25. Na4 Nd5 26. c3 bxc3 27. bxc3 Qa5 28. Nb2 dxc3 29. Nc4 Qd8 30. Be3 Rc8 31. Rac1 Kg7 32. f5 exf5 33. gxf5 Nxe3+ 34. Qxe3 Qd5+ 35. Qf3 Qxf3+ 36. Rxf3 gxf5 37. Rxf5 c2 38. Rxc2 Rcd8 39. Rf3 Rd4 40. Rcf2 Rg4+ 41. Kf1 Rf8 42. Ne3 Rb4 43. Nf5+ Kh7 44. Nxe7 Rb1+ 45. Ke2 1-0

[Event "ECU-chT U20 Girls"]
[Site "Carpuela"]
[Date "2014.05.05"]
[Round "6.3"]
[White "Verdesoto Moreira, Carla Melan"]
[Black "Escobar Chalen, Ariana Estefania"]
[Result "1/2-1/2"]
[WhiteElo "1621"]
[BlackElo "1408"]
[PlyCount "100"]
[EventDate "2014.05.03"]
[EventType "team-swiss"]
[EventRounds "7"]
[EventCountry "ECU"]
[SourceTitle "CBM 160 Extra"]
[Source "ChessBase"]
[SourceDate "2014.07.01"]
[SourceVersion "1"]
[SourceVersionDate "2014.07.01"]
[SourceQuality "1"]
[WhiteTeam "Manabi (W)"]
[BlackTeam "Pichincha (W)"]
[WhiteTeamCountry "ECU"]
[BlackTeamCountry "ECU"]

1. e4 e5 2. Bc4 Nf6 3. d3 Be7 4. Nf3 Nc6 5. c3 d6 6. Bb3 Bg4 7. Nbd2 0-0 8. Nf1 Qd7 9. Ng3 Be6 10. Bc2 h6 11. 0-0 d5 12. Re1 dxe4 13. dxe4 Qxd1 14. Bxd1 Rad8 15. h3 Nd7 16. Ba4 Ndb8 17. Be3 a6 18. Bc2 Rfe8 19. b3 Kh7 20. Rad1 g6 21. Kf1 Kg7 22. Ke2 a5 23. Bb1 f6 24. Rxd8 Rxd8 25. Rd1 Rxd1 26. Kxd1 Nd7 27. Ne1 Bc5 28. Nf1 Bxe3 29. Nxe3 Na7 30. c4 c6 31. Kd2 Kf7 32. Kc3 b5 33. cxb5 Nxb5+ 34. Kb2 Nc5 35. f3 Nd4 36. Nd3 Nb7 37. Ne1 Ke7 38. Bd3 Nb5 39. Bc4 Bxc4 40. Nxc4 N5d6 41. Nxd6 Kxd6 42. Nd3 Nc5 43. Nxc5 Kxc5 44. Kc3 Kb5 45. a3 h5 46. g3 g5 47. g4 h4 48. b4 axb4+ 49. axb4 c5 50. bxc5 Kxc5 1/2-1/2